| 000 | 00739nam a2200241 i 4500 | ||
|---|---|---|---|
| 001 | 69563 | ||
| 003 | ES-MaACL | ||
| 005 | 20250808081320.0 | ||
| 007 | t| | ||
| 008 | 040707s1986 sp ||||1| spa d | ||
| 020 | _a84-7398-059-X | ||
| 080 | _a342.9(460)(075.8) | ||
| 100 | 1 |
_aGarcía de Enterría, Eduardo. _954425 |
|
| 245 | 1 | 0 |
_aCurso de derecho administrativo / _cEduardo García de Enterría, Tomás-Ramón Fernández. |
| 250 | _a4ª ed., reimp. | ||
| 260 |
_aMadrid : _bCivitas, _c1986. |
||
| 300 |
_a2 v. ; _c25 cm. |
||
| 504 | _aBibliografía. | ||
| 650 | 7 |
_aDerecho administrativo- _zEspaña _2 _9145992 |
|
| 700 | 1 |
_aFernández, Tomás-Ramón. _949432 |
|
| 852 | 4 |
_aES-MaACL _jL-9455 |
|
| 999 |
_c69563 _d69563 |
||